[Event "IECC O-5013"]
[Site "IECC email"]
[Date "2021.12.20"]
[Round "?"]
[White "Burns, Paul"]
[Black "McGowan, Stephen"]
[Result "1-0"]
[WhiteElo "935"]
[BlackElo "1091"]
[PlyCount "67"]
[EventDate "2021.??.??"]
[EventType "swiss (corr)"]
[EventRounds "2"]
[SourceTitle "Corr 2024"]
[Source "ChessBase"]
[SourceDate "2023.10.19"]
[SourceVersion "1"]
[SourceVersionDate "2023.10.19"]
[SourceQuality "1"]
[WhiteTeam "Neuseeland"]
[BlackTeam "England"]
[WhiteTeamCountry "NZL"]
[BlackTeamCountry "ENG"]

1. e4 c5 2. Bc4 e5 3. Qh5 Qe7 4. Nf3 Nf6 5. Qh3 Nxe4 6. d3 Nf6 7. Bg5 h6 8. Bxf6 Qxf6 9. Qg3 Bd6 10. Nc3 e4 11. Nd5 Bxg3 12. Nxf6+ gxf6 13. dxe4 Nc6 14. hxg3 d6 15. b3 Nb4 16. Kd1 Bg4 17. a3 Nc6 18. Bb5 0-0-0 19. Bxc6 bxc6 20. a4 a5 21. Kc1 f5 22. exf5 Bxf5 23. Nh4 Bg6 24. Nxg6 fxg6 25. f4 Rde8 26. g4 Re4 27. g3 Re3 28. Rg1 Rhe8 29. Kb2 R8e4 30. Rad1 d5 31. f5 Rxg4 32. f6 Rf3 33. Rgf1 Rgxg3 34. f7 1-0

[Event "IECC O-3550"]
[Site "IECC email"]
[Date "2012.12.07"]
[Round "?"]
[White "McGowan, Stephen"]
[Black "Kellaway, Ted"]
[Result "0-1"]
[WhiteElo "954"]
[BlackElo "1118"]
[PlyCount "26"]
[EventDate "2012.??.??"]
[EventType "swiss (corr)"]
[EventRounds "2"]
[SourceTitle "Corr 2020"]
[Source "ChessBase"]
[SourceDate "2019.09.30"]
[SourceVersion "1"]
[SourceVersionDate "2019.09.30"]
[SourceQuality "1"]
[WhiteTeam "England"]
[BlackTeam "South Africa"]
[WhiteTeamCountry "ENG"]
[BlackTeamCountry "RSA"]

1. e4 e5 2. Nf3 Nc6 3. Nc3 Nf6 4. Bb5 Bc5 5. Bxc6 dxc6 6. Nxe5 Qd4 7. Nd3 Ng4 8. 0-0 0-0 9. Qf3 Bd6 10. g3 Be6 11. b3 Rad8 12. Bb2 Ne5 13. Ne2 Nxf3+ 0-1